[Event "FRA-ch Youth U16 2018"]
[Site "Agen"]
[Date "2018.04.16"]
[Round "2"]
[White "Vlachos, Anatole"]
[Black "Laffonta, Matthias"]
[Result "*"]
[WhiteElo "2346"]
[BlackElo "1944"]
[Annotator "ChessBase"]
[PlyCount "20"]
[EventDate "2018.??.??"]
[EventType "swiss"]
[EventCountry "FRA"]
[SourceTitle "playchess.com"]
[Source "ChessBase"]
[SourceQuality "1"]
[TimeControl "5400+30"]

1. e4 {[%emt 0:00:00]} g6 {[%emt 0:00:06]} 2. d4 {[%emt 0:00:00]} Bg7 {[%emt 0:00:03]} 3. Nc3 {[%emt 0:00:11]} d6 {[%emt 0:00:06]} 4. Be3 {[%emt 0:00:58]} a6 {[%emt 0:00:00]} 5. Qd2 {[%emt 0:00:51]} b5 {[%emt 0:00:07]} 6. O-O-O {[%emt 0:01:52]} Bb7 {[%emt 0:00:33]} 7. f3 {[%emt 0:00:48]} Nd7 {[%emt 0:00:18]} 8. h4 {[%emt 0:10:25]} h5 {[%emt 0:00:12]} 9. Nh3 {[%emt 0:04:47]} Ngf6 {[%emt 0:04:22]} 10. Ng5 {[%emt 0:05:31]} c5 {[%emt 0:00:40]} *

[Event "FRA-ch Youth U16 2018"]
[Site "Agen"]
[Date "2018.04.16"]
[Round "2"]
[White "Travadon, Loic"]
[Black "Arnaud, Aurelien"]
[Result "1-0"]
[WhiteElo "2344"]
[BlackElo "2033"]
[Annotator "TA"]
[PlyCount "113"]
[EventDate "2018.??.??"]
[EventType "swiss"]
[EventCountry "FRA"]
[SourceTitle "playchess.com"]
[Source "ChessBase"]
[SourceQuality "1"]

{[%evp 16,113,41,45,110,115,133,93,92,100,150,141,145,145,240,188,176,147,206,189,187,159,155,117,116,117,160,148,241,233,235,247,237,3,7,-3,6,0,49,28,124,20,115,95,170,156,156,135,155,164,168,168,160,158,224,220,224,192,202,164,158,164,224,188,188,186,532,516,454,355,12792,12792,29965,29965,29969,29970,29969,29971,29970,29971,29967,12798,12793,6103,6099,6017,5660,5591,3649,1754,1620,1469,5591,5583,5583,4722,4627,4627,5167,5065]} 1. d4 d5 2. c4 e6 3. Nc3 Nf6 4. Nf3 Be7 5. Bf4 O-O 6. e3 c5 7. dxc5 Bxc5 8. Qc2 Nc6 9. a3 {LiveBook: 984 Games} a5 {D37: Queen's Gambit Declined: 5 Bf4} (9... Qa5 $14) (9... Qa5 10. O-O-O Ne4 11. Nb5 a6 12. Nc7 e5 13. Nxd5 exf4 14. Qxe4 fxe3 15. fxe3 h6 16. Nd4 Qd8 17. Bd3 f5 18. Qf4 {1-0 (47) Ivanchuk,V (2729)-Karjakin,S (2760) Medias 2017}) 10. Rd1 $16 Be7 11. Bd3 $146 ({Predecessor:} 11. Be2 a4 12. e4 d4 13. Nb5 Bc5 14. O-O Nh5 15. Bc7 Qe7 16. e5 Nf4 {1-0 (27) Malakhatko,V (2496)-Mietus,K (2219) Krakow 1999}) 11... h6 {White is better.} 12. O-O Bd7 13. cxd5 exd5 {[#]} 14. Nxd5 $1 {[%mdl 512]} Rc8 (14... Nxd5 $16 15. Bh7+ Kh8) 15. Nxe7+ Nxe7 16. Qe2 Ned5 (16... Qb6 $16 {keeps fighting.} 17. h3 Rfd8) 17. Bg3 Qb6 18. e4 {[%cal Be3e4,Be4e5][%mdl 32]} Ne7 19. Bf4 Ng6 20. Be3 Qe6 21. Nd4 Qe5 (21... Qd6 $16 22. f3 Nf4) 22. f4 $18 Qe7 23. e5 Nd5 {intending ...Bg4.} 24. Be4 $2 ({White should play} 24. Qf2 $18) 24... Bg4 $1 $11 {[%cal Rg4e2]} 25. Nf3 Ndxf4 26. Qf2 Ne6 27. Qg3 Bxf3 (27... Bh5 $11 {keeps the balance.}) 28. Rxf3 ({But not} 28. Qxf3 Ng5 $11) (28. gxf3 $16 {And now f4 would win.} Nc5 29. Bf5) 28... Kh7 (28... Rcd8 $11 29. Rc1 Qd7) 29. Rdf1 {Threatens to win with Rxf7!} (29. Rd6 {is interesting.} Kg8 30. Bxg6 fxg6 31. Qxg6 Rc6 32. Rxc6 bxc6 33. Rf6) 29... Nc5 {[#]} (29... Kg8 $16) 30. Rxf7 $1 $18 Nxe4 {[#]} 31. Qxg6+ $1 {[%mdl 512]} Kxg6 32. Rxe7 Rxf1+ 33. Kxf1 {[%mdl 4096] Endgame KRB-KRN} b5 34. Ke2 b4 (34... h5 $16 35. Ra7 a4) 35. axb4 axb4 36. Rb7 Kf5 37. Rxb4 Kxe5 38. Bd4+ Kf5 (38... Kd5 {was necessary.}) 39. Bxg7 Rc2+ 40. Kd3 Rxg2 $2 (40... Rd2+ 41. Ke3 Rxg2 42. Bxh6 (42. Rxe4 Rxg7 43. Kd3 Ra7 $16) 42... Rxh2) 41. Rxe4 Rxg7 {KR-KR} 42. b4 {[%cal Bb2b4,Bb4b5][%mdl 32]} Rg2 $2 (42... Rd7+ 43. Rd4 Rg7) 43. Re2 Rg6 44. b5 Rb6 45. Kc4 Rb8 46. Kc5 Rc8+ 47. Kd6 Rc1 48. Rb2 (48. b6 $142 Rb1 49. Kc7 Rc1+ 50. Kb8 Ra1 51. b7 Kg4 52. Rb2 Re1 53. Kc7 Re7+ 54. Kd6) 48... Rd1+ {White is clearly winning.} 49. Kc5 (49. Kc7 $142 Rc1+ 50. Kd7) 49... Rc1+ 50. Kd4 Rd1+ 51. Ke3 Re1+ 52. Kd2 (52. Kd3 $142 Rd1+ 53. Kc4) 52... Re8 53. b6 Rb8 54. Kc3 Ke5 55. Kc4 Kd6 56. Kb5 Kd7 57. Rd2+ {Precision: White = 52%, Black = 24%.} 1-0

[Event "FRA-ch Youth U16 2018"]
[Site "Agen"]
[Date "2018.04.16"]
[Round "2"]
[White "Harutyunyan, Ruben"]
[Black "Dedenon, Quentin"]
[Result "*"]
[WhiteElo "2305"]
[BlackElo "1927"]
[Annotator "TA"]
[PlyCount "38"]
[EventDate "2018.??.??"]
[EventType "swiss"]
[EventCountry "FRA"]
[SourceTitle "playchess.com"]
[Source "ChessBase"]
[SourceQuality "1"]

{[%evp 21,22,-43,-58]} 1. e4 c5 2. Nf3 d6 3. d4 Nf6 4. Nc3 cxd4 5. Nxd4 Nc6 6. Bg5 e6 7. Qd2 a6 8. O-O-O Bd7 9. f4 b5 10. Nxc6 Bxc6 11. e5 dxe5 {Predecessor:} 12. Qxd8+ $146 Rxd8 13. Rxd8+ Kxd8 14. fxe5 h6 15. Bh4 g5 16. Bg3 Nh5 17. Bf2 Bg7 18. a4 b4 19. Na2 a5 {0-1 (42) Kozlitin,O (2331)-Vishnu,P (2459) Pardubice 2014} *

[Event "FRA-ch Youth U16 2018"]
[Site "Agen"]
[Date "2018.04.16"]
[Round "2"]
[White "Gourbiere, Yohan"]
[Black "Vlachos, Anatole"]
[Result "0-1"]
[WhiteElo "2047"]
[BlackElo "2346"]
[Annotator "TA"]
[PlyCount "102"]
[EventDate "2018.??.??"]
[EventType "swiss"]
[EventCountry "FRA"]
[SourceTitle "playchess.com"]
[Source "ChessBase"]
[SourceQuality "1"]

{[%evp 18,102,28,13,117,90,119,-6,0,0,1,0,0,-29,-13,-21,-10,-65,-86,-132,-148,-162,-157,-395,-371,-400,-397,-412,-394,-395,-404,-404,-392,-352,-362,-460,-453,-691,-687,-656,-637,-698,-695,-684,-637,-751,-381,-760,-739,-662,-191,-147,-116,-1354,-1269,-1367,-1459,-29966,-29970,-29969,-29970,-29969,-29966,-29978,-29977,-29976,-29975,-29975,-29976,-29976,-29977,-29976,-29978,-29979,-29980,-29980,-29979,-29978,-29979,-29985,-29986,-29984,-29983,-29983,-29984,-29986,-29987]} 1. e4 g6 2. d4 Bg7 3. Nc3 d6 4. Be3 a6 5. Qd2 b5 6. O-O-O Bb7 7. f3 Nd7 8. h4 h5 9. Nh3 Ngf6 10. Ng5 {LiveBook: 34 Games} c5 $146 {B06: Modern Defence} (10... O-O $11 {remains equal.}) ({Predecessor:} 10... e6 11. Kb1 Qe7 12. Ne2 Rd8 13. g3 c6 14. Bh3 e5 15. Qa5 exd4 16. Bxd4 c5 17. Qc7 Ne5 18. Qxd8+ Qxd8 19. Bxe5 {0-1 (30) Brkic,A (2590)-Sjugirov,S (2652) Batumi 2018}) 11. e5 dxe5 12. dxc5 (12. dxe5 $16 Nxe5 13. Qxd8+ (13. Bxc5 Qxd2+ 14. Rxd2 Rc8 $11) 13... Rxd8 14. Rxd8+ Kxd8 15. f4) 12... O-O {The position is equal.} 13. Bd3 Qc7 14. Be4 Nxe4 15. Ncxe4 Rad8 16. Qe2 Qc6 17. g4 (17. Qd3 $11) 17... hxg4 18. h5 gxh5 $1 19. fxg4 {[#]} Nf6 $1 $36 {[%cal Rf6e4][%mdl 2048] Keeping White busy.} 20. Nxf6+ $2 (20. Nf2 $17) 20... exf6 $19 ({Inferior is} 20... Bxf6 21. gxh5 Bxg5 22. Bxg5 $11) 21. Nh3 Qf3 22. Qxf3 Bxf3 23. gxh5 Rxd1+ ({Less strong is} 23... Bxd1 24. Rxd1 Rxd1+ 25. Kxd1 $19) 24. Rxd1 Bxd1 25. Kxd1 {[%mdl 4096] Endgame KRB-KBN} f5 26. h6 Bf6 27. Bg5 (27. Nf2 $142) 27... Bxg5 28. Nxg5 {KR-KN} b4 {[%cal Bb5b4,Bb4c3][%mdl 32]} 29. c3 bxc3 30. b4 Rb8 31. a3 a5 32. Kc2 $2 (32. c6 axb4 33. h7+ Kh8 34. Nxf7+ Kxh7 35. axb4) 32... axb4 33. axb4 Rxb4 $2 (33... f6 34. h7+ Kg7 35. Ne6+ Kxh7 36. Kxc3 Kg6) 34. h7+ Kg7 {[#]} 35. h8=Q+ $4 {[%mdl 8192]} (35. Nxf7 $1 $17 {[%mdl 512]} Kxh7 (35... Kxf7 36. h8=Q) 36. Kxc3) 35... Kxh8 36. Nxf7+ Kg7 37. Nxe5 Re4 {Black mates.} 38. Nd3 Kf6 39. Kxc3 Ke6 40. Kb3 Kd5 41. Kc3 Rc4+ 42. Kd2 Kd4 43. Nf4 Kxc5 44. Ke3 Rc3+ 45. Kf2 Kd6 46. Ne2 Rd3 47. Nf4 Ra3 48. Ne2 Ke5 49. Ng3 {[#]} Rxg3 $1 50. Kxg3 Ke4 51. Kg2 Ke3 {Precision: White = 32%, Black = 61%.} 0-1

[Event "FRA-ch Youth U16 2018"]
[Site "Agen"]
[Date "2018.04.16"]
[Round "2"]
[White "Khachatryan, Samvel S"]
[Black "Harutyunyan, Ruben"]
[Result "0-1"]
[WhiteElo "2044"]
[BlackElo "2305"]
[Annotator "TA"]
[PlyCount "56"]
[EventDate "2018.??.??"]
[EventType "swiss"]
[EventCountry "FRA"]
[SourceTitle "playchess.com"]
[Source "ChessBase"]
[SourceQuality "1"]

{[%evp 31,56,-126,-112,-126,-126,-130,-131,-129,-131,-219,-216,-208,-108,-220,-218,-218,-220,-220,-222,-226,-217,-200,-200,-380,-371,-405,-375]} 1. e4 c5 2. Nf3 d6 3. d4 Nf6 4. Nc3 cxd4 5. Nxd4 Nc6 6. Bg5 e6 7. Qd2 a6 8. O-O-O Bd7 9. f4 b5 10. Nxc6 Bxc6 11. e5 dxe5 12. Qxd8+ {B67: Sicilian: Richter-Rauzer: 7...a6 8 0-0-0 Bd7, lines without 9 f4 Be7} Rxd8 13. Rxd8+ Kxd8 14. fxe5 h6 15. Bxf6+ (15. Bh4 g5 16. Bg3 Nh5 17. Bf2 Bg7 18. a4 b4 19. Na2 a5 {0-1 (42) Kozlitin,O (2331)-Vishnu,P (2459) Pardubice 2014}) 15... gxf6 16. exf6 {[#]} Rg8 $1 {LiveBook: 3 Games} 17. Bd3 Rxg2 18. Be4 Bxe4 19. Nxe4 $17 {[%mdl 4096] Endgame KRB-KRN} Kc7 20. Rf1 $146 (20. h3 $17) 20... Rxh2 $19 21. Rg1 Re2 (21... Rh4 $19 22. Rg7 Kd7) 22. Rg8 (22. Rg4 $17) 22... Bb4 {[%cal Re2e1] [#]} ({Inferior is} 22... Rxe4 23. Rxf8 Kd6 24. Rxf7 $11) 23. c3 Rxe4 24. cxb4 Rf4 ({But not} 24... Rxb4 25. Rf8 $17) 25. Ra8 Kb7 ({Don't play} 25... Rxb4 26. Ra7+ Kd6 27. Rxf7 $17) 26. Rh8 Rxf6 27. Rh7 $2 (27. Kd2 {is a better defense.}) 27... Kc6 28. Kc2 Kd5 {Precision: White = 37%, Black = 78%.} 0-1

[Event "FRA-ch Youth U16 2018"]
[Site "Agen"]
[Date "2018.04.16"]
[Round "2"]
[White "Gault, Emmanuel"]
[Black "Travadon, Loic"]
[Result "*"]
[WhiteElo "1940"]
[BlackElo "2344"]
[Annotator "TA"]
[PlyCount "32"]
[EventDate "2018.??.??"]
[EventType "swiss"]
[EventCountry "FRA"]
[SourceTitle "playchess.com"]
[Source "ChessBase"]
[SourceQuality "1"]

{[%evp 16,19,28,23,101,105]} 1. d4 d5 2. c4 e6 3. Nc3 Nf6 4. Nf3 Be7 5. Bf4 O-O 6. e3 c5 7. dxc5 Bxc5 8. Qc2 Nc6 9. a3 {LiveBook: 984 Games} a5 {D37: Queen's Gambit Declined: 5 Bf4} (9... Qa5 $11) (9... Qa5 10. O-O-O Ne4 11. Nb5 a6 12. Nc7 e5 13. Nxd5 exf4 14. Qxe4 fxe3 15. fxe3 h6 16. Nd4 Qd8 17. Bd3 f5 18. Qf4 {1-0 (47) Ivanchuk,V (2729)-Karjakin,S (2760) Medias 2017}) 10. Rd1 {Predecessor:} Be7 $146 11. Be2 a4 12. e4 d4 13. Nb5 Bc5 14. O-O Nh5 15. Bc7 Qe7 16. e5 Nf4 {1-0 (27) Malakhatko,V (2496)-Mietus,K (2219) Krakow 1999} *

[Event "FRA-ch Youth U16 2018"]
[Site "Agen"]
[Date "2018.04.16"]
[Round "2"]
[White "Djidjeli, Sarah"]
[Black "Lagarde, Adeline"]
[Result "1-0"]
[WhiteElo "1903"]
[BlackElo "1621"]
[Annotator "NA RC"]
[PlyCount "59"]
[EventDate "2018.??.??"]
[EventType "swiss"]
[EventCountry "FRA"]
[SourceTitle "playchess.com"]
[Source "ChessBase"]
[SourceQuality "1"]
[TimeControl "5400+30"]

{[%evp 9,58,12,0,-1,0,0,14,-4,32767,32767,32767,32767,32767,32767,32767,89,105,99,116,100,119,108,130,118,122,132,32767,32767,32767,224,32767,32767,32767,32767,1143,1055,905,1226,1881,11864,6595,29985,29993,1900,29992,5561,29995,29993,32767,29999,29999]} 1. e4 {[%emt 0:00:00]} c5 {[%emt 0:00:10]} 2. Nf3 {[%emt 0:00:00]} Nc6 {[%emt 0:00:17]} 3. Bb5 {[%emt 0:00:00]} e6 {[%emt 0:00:25]} 4. O-O {[%emt 0:01:12]} Nge7 {[%emt 0:02:01]} 5. Nc3 {[%emt 0:10:20]} a6 {[%emt 0:02:11]} 6. Bxc6 {[%emt 0:05:48]} Nxc6 {[%emt 0:06:38]} 7. d4 {[%emt 0:01:37]} cxd4 {[%emt 0:05:15]} 8. Nxd4 {[%emt 0:00:12] LiveBook: 529 Games} Be7 {[%emt 0:10:50]} 9. Nxc6 {[%emt 0:05:52]} dxc6 {[%emt 0:05:23]} 10. Qg4 {[%emt 0:03:56]} Bf6 {[%emt 0:04:59] B30: Sicilian: 2...Nc6 3 Bb5, lines without ...g6} 11. Qg3 {[%emt 0:11:36]} (11. Rd1 Qe7 12. Be3 e5 13. Qe2 b5 14. a4 b4 15. Qc4 Qb7 16. Na2 a5 17. Nc1 O-O 18. Nb3 {½-½ (36) Safarli,E (2620)-Gagunashvili,M (2570) Tbilisi 2012}) 11... Bxc3 $146 {[%emt 0:17:04]} ({Predecessor:} 11... e5 12. Be3 O-O 13. Bc5 Re8 14. Rfd1 Qc7 15. Bd6 Qb6 16. Na4 Qb5 17. b3 Be6 18. c4 {1-0 (51) Jakic,I (2404)-Novak,K (2069) Bosnjaci 2014}) 12. Qxc3 {[%emt 0:10:01]} f6 {[%emt 0:04:44]} 13. Be3 {[%emt 0:04:35]} O-O {[%emt 0:02:14]} 14. Rad1 {[%emt 0:00:27]} Qc7 {[%emt 0:02:29]} 15. Bc5 {[%emt 0:01:06]} Re8 {[%emt 0:03:12]} 16. Bd6 {[%emt 0:02:39]} Qf7 {[%emt 0:02:05]} 17. e5 {[%emt 0:03:43]} Rd8 {[%emt 0:09:51]} 18. exf6 {[%emt 0:01:04]} gxf6 {[%emt 0:01:31] [#]} 19. Rd3 $1 {[%emt 0:01:29]} Kh8 {[%emt 0:01:14]} 20. Rfd1 {[%emt 0:04:02]} Rg8 {[%emt 0:03:45]} 21. Rf3 {[%emt 0:01:00]} Rg6 {[%emt 0:01:57] [#]} 22. Be5 $1 {[%emt 0:04:59]} Kg7 {[%emt 0:01:29]} 23. Rdd3 {[%emt 0:04:31]} Bd7 {[%emt 0:02:12] [#]} 24. Rxf6 $1 {[%emt 0:03:29]} Rxf6 {[%emt 0:02:51]} 25. Rg3+ {[%emt 0:01:44]} Kf8 {[%emt 0:01:22]} 26. Bxf6 {[%emt 0:01:10]} (26. Bd6+ $142 Ke8 {[#]} 27. Rg8+ $1 {[%mdl 512]} Qxg8 28. Qxf6 Qg7 29. Qxg7 Kd8 30. Qg5+ Kc8 31. Qg8+ Be8 32. Qxe8#) 26... b6 {[%emt 0:03:16]} 27. Qd4 {[%emt 0:00:56]} (27. Bh4 $142 e5 28. Qxe5 Bg4 29. Rxg4 Qg6 30. Qe7+ Kg8 31. Rxg6+ hxg6 32. Bf6 Ra7 33. Qe8+ Kh7 34. Qh8#) 27... Qe8 {[%emt 0:03:29]} 28. Qf4 {[%emt 0:01:13]} Ra7 {[%emt 0:00:58]} 29. Qh6+ {[%emt 0:00:20]} Kf7 {[%emt 0:00:08]} 30. Qg7# 1-0

[Event "FRA-ch Youth U16 2018"]
[Site "Agen"]
[Date "2018.04.16"]
[Round "2"]
[White "Conti, Anne-Marie"]
[Black "Destic, Elena"]
[Result "1-0"]
[WhiteElo "1865"]
[BlackElo "1549"]
[Annotator "NA RC"]
[PlyCount "57"]
[EventDate "2018.??.??"]
[EventType "swiss"]
[EventCountry "FRA"]
[SourceTitle "playchess.com"]
[Source "ChessBase"]
[SourceQuality "1"]
[TimeControl "5400+30"]

{[%evp 10,57,12,-13,10,0,-8,-2,4,32767,32767,32767,32767,32767,32767,32767,32767,32767,32767,32767,32767,32767,8,-16,-27,-35,0,0,32767,32767,78,32767,62,32767,300,288,308,291,321,350,385,365,305,366,425,32767,423,458,462,439]} 1. d4 {[%emt 0:00:00]} Nf6 {[%emt 0:00:05]} 2. c4 {[%emt 0:00:00]} e6 {[%emt 0:00:04]} 3. Nf3 {[%emt 0:00:01]} b6 {[%emt 0:01:11]} 4. g3 {[%emt 0:00:46]} Bb7 {[%emt 0:00:22]} 5. Bg2 {[%emt 0:00:13]} c5 {[%emt 0:03:04]} 6. e3 {[%emt 0:01:32] LiveBook: 3 Games} (6. d5 $14) 6... d5 {[%emt 0:07:52] E16: Queen's Indian: 4 g3 Bb7 5 Bg2 Bb4+} (6... Be7 7. O-O O-O 8. b3 cxd4 9. exd4 d5 10. Ne5 Nc6 11. Bb2 Rc8 12. Nd2 Rc7 13. Rc1 dxc4 14. Ndxc4 Nb4 15. Bxb7 Rxb7 16. a3 Nbd5 17. b4 Qe8 18. Qb3 {0-1 (48) Tugui,A (2366)-Hansen,T (2475) Maastricht 2013}) 7. Ne5 {[%emt 0:06:33]} Nbd7 {[%emt 0:01:42]} 8. Qa4 {[%emt 0:02:37]} Bd6 {[%emt 0:08:53]} 9. Nxd7 {[%emt 0:07:27]} Qxd7 {[%emt 0:04:01]} 10. Qxd7+ {[%emt 0:04:13]} Nxd7 $146 {[%emt 0:00:35]} ({Find the theoretical novelty and annotate with similar games:} 10... Kxd7 11. dxc5 Bxc5 12. Nc3 Kd6 13. a3 a5 14. b3 {1-0 (48) Shamsutdinova,K (1617)-Izbekova,E (1513) Sochi 2017}) 11. Nc3 {[%emt 0:00:11]} cxd4 {[%emt 0:01:30]} 12. exd4 {[%emt 0:01:15]} Bb4 {[%emt 0:01:18]} 13. Bd2 {[%emt 0:16:04]} Bxc3 {[%emt 0:02:50]} 14. Bxc3 {[%emt 0:02:34]} O-O {[%emt 0:14:59]} 15. b3 {[%emt 0:17:50]} Rac8 {[%emt 0:03:42]} 16. O-O {[%emt 0:03:16]} Ba6 {[%emt 0:02:05]} 17. Bb4 {[%emt 0:00:04]} Rfe8 {[%emt 0:00:24]} 18. Rfc1 {[%emt 0:03:57]} dxc4 {[%emt 0:11:31]} 19. bxc4 {[%emt 0:08:44]} e5 {[%emt 0:14:50]} ({Of course not} 19... Bxc4 $6 20. Bb7 $16) (19... Rxc4 $11 20. Rxc4 Bxc4) 20. Bh3 {[%emt 0:03:40]} Rc7 {[%emt 0:07:27]} 21. Bd6 {[%emt 0:00:47]} Rb7 $2 {[%emt 0:03:14]} ({Black should try} 21... Rxc4 $14 22. Bxd7 Rd8) 22. c5 {[%emt 0:09:06]} bxc5 {[%emt 0:02:27]} 23. dxc5 {[%emt 0:00:15]} Nb8 {[%emt 0:02:12]} 24. c6 {[%emt 0:02:28]} Rb6 {[%emt 0:00:18]} 25. Bxb8 {[%emt 0:01:03]} Rbxb8 {[%emt 0:00:21]} 26. c7 {[%emt 0:00:08]} Ra8 {[%emt 0:00:22]} 27. Bd7 {[%emt 0:00:22]} Rf8 {[%emt 0:00:29]} 28. Rc5 {[%emt 0:01:48]} Bb7 {[%emt 0:04:10]} 29. Rac1 $18 {[%emt 0:00:19]} 1-0

[Event "FRA-ch Youth U16 2018"]
[Site "Agen"]
[Date "2018.04.16"]
[Round "2"]
[White "Andre, Victoria"]
[Black "Aubert, Estee"]
[Result "0-1"]
[WhiteElo "1575"]
[BlackElo "1892"]
[Annotator "NA RC"]
[PlyCount "76"]
[EventDate "2018.??.??"]
[EventType "swiss"]
[EventCountry "FRA"]
[SourceTitle "playchess.com"]
[Source "ChessBase"]
[SourceQuality "1"]
[TimeControl "5400+30"]

{[%evp 14,75,8,32767,32767,32767,36,-50,32767,-40,-30,32767,32767,32767,32767,32767,32767,32767,32767,32767,32767,32767,32767,32767,32767,-105,32767,-101,-97,-146,-143,-150,-147,-207,32767,-227,32767,32767,32767,-109,-88,-95,-102,-100,-89,-101,-6,-9,0,-75,32767,-45,-52,-58,0,-140,-68,-61,-52,-937,-833,-813,-825,-781]} 1. e4 {[%emt 0:00:00]} c5 {[%emt 0:00:08]} 2. Nf3 {[%emt 0:00:00]} e6 {[%emt 0:00:09]} 3. c3 {[%emt 0:00:00]} Nf6 {[%emt 0:00:17]} 4. e5 {[%emt 0:00:22]} Nd5 {[%emt 0:00:19]} 5. d4 {[%emt 0:00:18]} cxd4 {[%emt 0:00:06]} 6. cxd4 {[%emt 0:00:05]} d6 {[%emt 0:00:14]} 7. a3 {[%emt 0:01:02]} Qc7 {[%emt 0:02:50] B22: Sicilian: 2 c3} (7... Be7 8. Bd3 O-O 9. O-O b6 10. Qc2 g6 11. Bh6 Re8 12. Nbd2 Ba6 13. Bxa6 Nxa6 14. Ne4 dxe5 15. Nxe5 Rc8 {1-0 (51) Wang,H (2709)-Harikrishna,P (2744) Huaian 2017}) 8. Bd3 {[%emt 0:03:57]} Be7 {[%emt 0:01:47]} 9. O-O {[%emt 0:00:40]} Nc6 {[%emt 0:00:38]} 10. Qc2 $146 {[%emt 0:02:47]} (10. exd6 $14 Qxd6 11. Re1) ({Predecessor:} 10. Re1 O-O 11. Qc2 h6 12. Qe2 f5 13. exf6 Nxf6 14. Nc3 a6 15. Ne4 d5 16. Ng3 Bd6 17. b4 {½-½ (84) Nitish,B (2270)-Seo,J (2389) Stockholm 2018}) 10... dxe5 {[%emt 0:03:41]} 11. dxe5 {[%emt 0:01:44]} Nxe5 {[%emt 0:01:29]} 12. Nxe5 {[%emt 0:20:28]} Qxe5 {[%emt 0:00:13]} 13. Bd2 {[%emt 0:02:43]} Bd7 {[%emt 0:03:45]} 14. Nc3 {[%emt 0:08:30]} Rc8 {[%emt 0:05:09]} 15. Qb3 {[%emt 0:05:57]} Bc6 {[%emt 0:15:03]} 16. Nb5 {[%emt 0:05:24]} Bc5 {[%emt 0:02:38]} 17. Rac1 {[%emt 0:02:29]} Bb6 {[%emt 0:00:57]} 18. Rfe1 {[%emt 0:01:25]} Qb8 {[%emt 0:00:05]} 19. a4 {[%emt 0:11:02]} (19. Rc4 $15) 19... O-O {[%emt 0:03:34]} 20. a5 {[%emt 0:04:06]} Bd8 {[%emt 0:00:28]} 21. Rc2 {[%emt 0:03:57]} Bf6 {[%emt 0:01:23]} 22. Rec1 {[%emt 0:01:44]} Rcd8 {[%emt 0:00:52]} 23. Bc4 {[%emt 0:05:44]} Be5 {[%emt 0:05:32]} 24. h3 {[%emt 0:04:02]} Bf4 {[%emt 0:01:44]} 25. Bxd5 {[%emt 0:04:39]} Bxd5 {[%emt 0:07:12]} 26. Qb4 {[%emt 0:00:28]} Bxd2 {[%emt 0:03:52]} 27. Rxd2 {[%emt 0:00:02]} Rc8 {[%emt 0:01:02]} 28. Rdc2 {[%emt 0:00:56]} Rc6 {[%emt 0:00:50]} 29. Nc3 $1 {[%emt 0:03:57]} Bc4 {[%emt 0:13:12]} ({Black should play} 29... Rfc8 $17 30. Rd1 h6) 30. Na4 {[%emt 0:00:58]} Bd5 {[%emt 0:00:22]} 31. Nc3 {[%emt 0:00:07]} Rd6 {[%emt 0:01:51]} 32. Nxd5 {[%emt 0:01:07]} Rxd5 {[%emt 0:00:09]} ({Much weaker is} 32... exd5 $6 33. Rc7 $14) 33. Rc7 {[%emt 0:00:29] [#]} b6 {[%emt 0:01:40]} (33... Rd1+ $1 $15 {[%mdl 512]} 34. Rxd1 Qxc7) 34. R1c6 {[%emt 0:04:03]} (34. a6 $11) 34... Rd1+ {[%emt 0:00:19]} (34... Rxa5 $17 35. Qf4 Ra1+ 36. Kh2 Rd1) 35. Kh2 {[%emt 0:00:09]} Rd7 {[%emt 0:01:03]} 36. Qc4 $2 {[%emt 0:01:59]} (36. axb6 $15 axb6 37. Qf4) 36... Rc8 {[%emt 0:01:00]} 37. axb6 {[%emt 0:00:04]} axb6 $19 {[%emt 0:00:07]} 38. Rxb6 {[%emt 0:00:29]} Qxc7+ {[%emt 0:00:33]} 0-1